[Event "Mecklenburg VP VL 1011"]
[Site "Mecklenburg VP"]
[Date "2011.03.20"]
[Round "8.6"]
[White "Stiegler, Maik"]
[Black "Pentzien, Volker"]
[Result "1/2-1/2"]
[WhiteElo "1872"]
[BlackElo "1867"]
[PlyCount "27"]
[EventDate "2010.10.10"]
[EventType "team-tourn"]
[EventRounds "9"]
[EventCountry "GER"]
[SourceTitle "EXT 2022"]
[Source "ChessBase"]
[SourceDate "2021.10.06"]
[SourceVersion "1"]
[SourceVersionDate "2021.10.06"]
[SourceQuality "1"]
[WhiteTeam "Grevesmuehlen Blau Weiss"]
[BlackTeam "Wismar ASV Gruen-Weiss"]
[WhiteTeamCountry "GER"]
[BlackTeamCountry "GER"]

1. d4 Nf6 2. c4 g6 3. Nc3 d5 4. cxd5 Nxd5 5. e4 Nxc3 6. bxc3 Bg7 7. Bc4 0-0 8. Ne2 c5 9. 0-0 Nc6 10. Bb2 b6 11. Rb1 Bb7 12. Qa4 cxd4 13. cxd4 Na5 14. d5 1/2-1/2

[Event "Mecklenburg VP VL 1011"]
[Site "Mecklenburg VP"]
[Date "2011.01.16"]
[Round "5.4"]
[White "Stiegler, Maik"]
[Black "Wolke, Heiko"]
[Result "0-1"]
[WhiteElo "1872"]
[BlackElo "1914"]
[PlyCount "46"]
[EventDate "2010.10.10"]
[EventType "team-tourn"]
[EventRounds "9"]
[EventCountry "GER"]
[SourceTitle "EXT 2022"]
[Source "ChessBase"]
[SourceDate "2021.10.06"]
[SourceVersion "1"]
[SourceVersionDate "2021.10.06"]
[SourceQuality "1"]
[WhiteTeam "Grevesmuehlen Blau Weiss"]
[BlackTeam "Warnemuende SF Ostsee"]
[WhiteTeamCountry "GER"]
[BlackTeamCountry "GER"]

1. d4 c5 2. dxc5 e6 3. Nc3 Bxc5 4. Ne4 d5 5. Nxc5 Qa5+ 6. Bd2 Qxc5 7. Be3 Qc7 8. Nf3 Nc6 9. g3 Nf6 10. Bg2 0-0 11. 0-0 b6 12. Rc1 Ba6 13. b3 Rad8 14. Bg5 Qe7 15. Re1 h6 16. Bxf6 Qxf6 17. c3 e5 18. e3 Bc8 19. c4 dxc4 20. Qc2 Nb4 21. Qxc4 Nd3 22. Qb5 e4 23. Nd4 Qxf2+ 0-1